000 00690nam a2200205 a 4500
005 20160203161644.0
008 140317b2003 ck ||||| |||| 00| 0 spa d
040 _aCO-BoIAVH
_cCO-BoIAVH
041 _aspa
044 _ack
082 0 4 _a636
_bD27g
100 1 _aDe la Ossa Velásquez, Jaime
245 1 _aGuía para la cría, manejo y aprovechamiento sostenible de algunas especies animales promisorias y otras domésticas
260 _aBogotá
_bConvenio Andrés Bello
_c2003
300 _a107 paginas.
_bilustraciones;
_c27 x 21 cm
650 4 _aCría de animales domésticos
700 1 _aBotero A., Luz Mercedes
942 _cLIBRO
_2ddc
945 _d2005-07-12
999 _c4667
_d4667